| 000 | 01706nam a2200349 a 4500 | ||
|---|---|---|---|
| 001 | 000020380 | ||
| 003 | DO-SdBNP | ||
| 005 | 20180309131222.0 | ||
| 007 | 000020380 | ||
| 008 | 150130s2014 dr ac 000 0 spa d | ||
| 020 | _a9789945118360 (v.1) | ||
| 020 | _a9789945118131(v.2) | ||
| 040 |
_aBPMSU _bspa _cBPMSU |
||
| 092 |
_a373.7 _bM722m 2do. 2013 |
||
| 100 | 1 | _aSantos, Altagracia. | |
| 245 | 1 | 0 |
_aMatemáticas 2 : _beducación media / _cAltagracia Santos; editor Andrés Molina Moloon |
| 260 |
_aSanto Domingo : _bSantillana, _c2013-2014. |
||
| 300 |
_a2v. : _bil., retrs. ; _c28 cm. + _e CD Rom : |
||
| 490 | 1 | _aInnova | |
| 505 | 1 |
_g2do. grado / 1er. ciclo -- _gprimera parte -- _tEl razonamiento matemático -- _tEstructuras algebraicas -- _tFactorización de polinomios -- _tFunciones -- _tAprender a emprender -- _tEcuaciones -- _tInecuaciones -- _tTriángulos y cuadriláteros -- _tPolígonos -- _tAprender a emprender -- _gSegunda parte -- _tIntroducción a la trigonemetría -- _tRelaciones trigonométricas inversas -- _tResolución de triángulos -- _tAprender a emprender -- _tVectores -- _tTransformaciones geométricas -- _tSucesiones -- _tEstadística y probabilidades -- _tAprender a emprender -- |
|
| 650 |
_aMATEMÁTICAS _xENSEÑANZA SECUNDARIA |
||
| 650 |
_aEDUCACIÓN SECUNDARIA _xREPÚBLICA DOMINICANA |
||
| 650 |
_aMATEMÁTICAS _xLIBROS DE TEXTOS |
||
| 650 |
_aMATEMÁTICAS _xESTUDIOS Y EJERCICIOS |
||
| 700 | 1 | 2 |
_aMolina Moloon, Andrés _eed. |
| 830 | 0 | _aInnova | |
| 910 | _aValidado. Control de calidad MFF | ||
| 942 |
_2ddc _cBK |
||
| 945 | _aRemanejado para la BNPHU / 2018 BT | ||
| 956 |
_aYLOCKWARD _b10 _c20150702 _lBND01 _h1304 |
||
| 956 |
_aVMATEO _b10 _c20150706 _lBPMSU _h00151 |
||
| 999 |
_c9607 _d9607 |
||